Wszystkie featy Okiego - Statystyki

Ogólne statystyki
  • Ten quiz został rozwiązany 39 razy
  • Średni wynik to 19 z 72
Statystyki odpowiedzi
Odpowiedź: % Poprawnych
Otsochodzi
93%
Young Igi
93%
bambi
78%
Sobel
78%
Taco Hemingway
78%
Mata
74%
kuban
63%
Paluch
63%
Young Leosia
63%
Bedoes 2115
59%
Szpaku
59%
Żabson
56%
DZIARMA
48%
Gedz
48%
Oskar83
48%
@atutowy
41%
Blaki Selektah
41%
Kizo
37%
Gruby Mielzky
33%
Kukon
33%
Magiera
33%
Deemz
30%
Ero JWP
30%
Harnol Gang
30%
Nearr
30%
schafter
30%
2K
26%
Gverilla
26%
Margaret
26%
The Returners
26%
ZetHa
26%
Phunk'ill
22%
Qry
22%
Young Multi
22%
bvdy47
19%
francis
19%
OSQAR
19%
Waima
19%
Worek
19%
Łajzol
15%
Maro
15%
Miły ATZ
15%
Nolyrics Beats
15%
PSR
15%
Swizzy
15%
Wini
15%
Bodhi
11%
CatchUp
11%
Girson
11%
Sekko
11%
SHDOW
11%
Sitek
11%
Skrywa
11%
BIBIC
7%
Favst
7%
KOOZA
7%
LDO
7%
Master Orbit
7%
senti
7%
Szczyl
7%
zxbrv
7%
2latefor
4%
Astek Dwa Sławy
4%
AWGS
4%
lohleq
4%
Michał Graczyk
4%
Sem0r
4%
Falcon1
0%
Książe Mazowiecki HAŁASTRA
0%
Kwiatek Haze HAŁASTRA
0%
Michał Anioł
0%
Rado Radosny Dwa Sławy
0%
Nie znaleziono quizów pasujących do podanych kryteriów
Rozkład punktacji
Procent ludzi z każdym wynikiem
Percentyl według liczby udzielonych odpowiedzi
Twoja historia wyników
Nie rozwiązałeś tego quizu